| 000 | 00766nam a2200217Ia 4500 | ||
|---|---|---|---|
| 999 |
_c53242 _d53242 |
||
| 001 | 20283 | ||
| 003 | GE_BSU | ||
| 005 | 20200825182640.0 | ||
| 008 | 181216s1966||||ge |||||||||||||| ||geo|| | ||
| 040 | _cGE_BSU | ||
| 041 | _ageo | ||
| 080 | _a811.353.1'373.2 ჭ-83 | ||
| 100 |
_aჭუმბურიძე, ზურაბ _98055 |
||
| 245 |
_aრა გქვია შენ? : _bქართული ონომასტიკის საკითხები ბავშვებისათვის / |
||
| 264 |
_aთბილისი _bნაკადული, _c1966. |
||
| 300 |
_a196 გვ. ; _c20 სმ. |
||
| 541 | _h76 თ. | ||
| 653 | _aრა გქვია შენ? | ||
| 653 | _aქართული ენა | ||
| 942 |
_cBK _2udc |
||